| 000 | 00767nam a2200241 a 4500 | ||
|---|---|---|---|
| 001 | 73262 | ||
| 003 | BD-RjUL | ||
| 005 | 20211209082353.0 | ||
| 008 | 170529s1964 njuad b 001 0 eng c | ||
| 035 | _a(BD-RjUL)73480 | ||
| 040 |
_aDLC/ICU _cCGU _dBD-RjUL _dEQO _beng |
||
| 041 | _aeng | ||
| 082 | 0 |
_a629.47 _223 _bNES 1964 |
|
| 100 | 1 |
_aNewman, David B. _q(David Bruce) _9216706 |
|
| 245 | 1 | 0 |
_aSpace vehicle electronics / _cDavid B. Newman. |
| 260 |
_aPrinceton, N.J. : _bVan Nostrand, _cc1964 |
||
| 300 |
_axvii, 397 p. : _bill. ; _c24 cm. |
||
| 490 | 1 | _aPrinciples of guided missile design | |
| 504 | _aIncludes bibliographies. | ||
| 650 | 0 |
_aSpacecraft _xElectronic equipment. _9216707 |
|
| 830 | 0 |
_aPrinciples of guided missile design _9216710 |
|
| 942 |
_2ddc _cBK |
||
| 999 |
_c73262 _d73262 |
||